000 00592nam a2200205Ia 4500
003 OSt
005 20220926045001.0
006 a|||||r|||| 00| 0
007 ta
008 220923b |||||||| |||| 00| 0 eng d
037 _cGeneral Book
040 _aRTL
_cRTL
_beng
041 _2eng
_aeng
082 _aXM5:(Z).2.N55<N36, GD
110 _aIndia, Company Law Administration (Deptt. of )
245 0 _aSelction from the debates
700 _aIndia, Company Law Administration (Deptt. of )
942 _hXM5:(Z).2.N55<N36, GD
_cGB
_2CC
999 _c676354
_d676354